000 00647nam a2200217Ii 4500
001 362
003 CO-ViMGA
008 241108s9999||||xx |||||||||||||| ||und||
020 _a9682434955
040 _aCO-ViMGA
_bspa
_erda
_cCO-ViMGA
041 0 _aspa
082 0 4 _a628.162 L27m
100 1 _aLuis Lesur
_949813
245 1 0 _aManual de purificación del agua :
_buna guía paso a paso
264 1 _a[Lugar de publicación no identificado] : Trillas, 2000
300 _avolumen
336 _atext
_btxt
_2rdacontent
337 _aunmediated
_bn
_2rdamedia
338 _avolume
_bnc
_2rdacarrier
940 _aidficha_siabuc: 351. -- ficha_no_siabuc:362
999 _c44490
_d44490